LIBRARY & INFORMATION CENTRE, KCAET, TAVANUR

ONLINE PUBLIC ACCESS CATALOGUE (OPAC)

Plane trigonometry / (Record no. 2990)

MARC details
000 -LEADER
fixed length control field 00539cam a2200229ua 4500
041 ## - LANGUAGE CODE
Language code of text/sound track or separate title eng
082 ## - DEWEY DECIMAL CLASSIFICATION NUMBER
Classification number 516.05
Item number LON/PL
100 ## - MAIN ENTRY--AUTHOR NAME
Personal name Loney, S.L. .
245 ## - TITLE STATEMENT
Title Plane trigonometry /
250 ## - EDITION STATEMENT
Edition statement /
260 ## - PUBLICATION, DISTRIBUTION, ETC. (IMPRINT)
Place of publication London :
Name of publisher MacMillan and Company Limited ,
Year of publication 1963.
300 ## - PHYSICAL DESCRIPTION
Number of Pages 327 ; .
942 ## - ADDED ENTRY ELEMENTS (KOHA)
Koha item type Books
Holdings
Withdrawn status Lost status Damaged status Home library Current library Date acquired Full call number Accession Number Koha item type
      KAUAET KAUAET 07/04/2012 516.05 3083 Books
      KAUAET KAUAET 07/04/2012 516.05 3082 Books
Withdrawn     KAUAET KAUAET 07/04/2012 516.05 2513 Books
      KAUAET KAUAET 07/04/2012 516.05 3081 Books
Withdrawn     KAUAET Sanskrit University 07/04/2012 516.05 3080 Books
free website counter